000 00740nam a2200289 a 4500
001 vtls001439335
003 NLI
005 20210627122023.0
008 121130n ii 000 0 eng
020 _cRs. 95.00
039 9 _y201211301647
_zVLOAD
040 _aNLI
_beng
_cDatasoft_GENG
_eAACR2
041 0 _aeng
044 _aii
082 0 4 _a004
100 1 _aBahal, Dinesh
_91003612
245 1 0 _aComputers /
_cDinesh Bahal
260 _aNew Delhi :
_bLotus Books,
_c[n.d.]
300 _a147 p. ;
_c20 cm.
650 0 _aComputer science
887 _a
901 _aDB64178
_b04.10.1993
902 _aE 004 B 147
904 _l181
949 _AVIRTUAITEM
_D10000
_X100
_6DBA000064178ENG
942 _2ddc
_cBKS
999 _aVIRTUA40
_c891782
_d891782